| 000 | 01094cam a22002531i 4500 | ||
|---|---|---|---|
| 003 | SA-RiAUC | ||
| 005 | 20241002135343.0 | ||
| 008 | 241001s2002 mr g 000 0 ara c | ||
| 040 |
_aSA-JeALM _bara _cSA-RiAUC. _erda |
||
| 082 | 0 | 4 |
_a260 _qSA-RiAUC |
| 090 |
_a260 _b م و ا |
||
| 100 | 1 |
_aالمواق، محمد بن يوسف بن أبي القاسم، _dتوفي 897 هجري _eمؤلف. |
|
| 245 | 1 | 0 |
_aسنن المهتدين في مقامات الدين / _cتأليف محمد بن يوسف المواق ؛ تحقيق محمدن بن سيدي محمد بن حمين. |
| 250 | _aالطبعة الأولى. | ||
| 264 | 1 |
_aسلا، المغرب : _bمؤسسة الشيخ مربية مربه، _c2002 |
|
| 300 |
_a489 صفحة ؛ _c24 سم |
||
| 336 |
_aنص _btxt _2rdacontent _3كتاب |
||
| 337 |
_aبدون وسيط _bn _2rdamedia |
||
| 338 |
_aمجلد _bnc _2rdacarrier |
||
| 650 | 7 |
_aالتصوف الإسلامي _2aucsh |
|
| 700 | 1 |
_aبن حمين، محمدن ولد سيدي محمد، _d1957- _eمحقق. |
|
| 942 |
_2ddc _cBOOK _n0 |
||
| 949 |
_aSA-JeALM _d241001 _umohamedma123 _n1 |
||
| 999 |
_c802 _d802 |
||